Early English Classical Tragedies / (Record no. 7844)
[ view plain ]
| 000 -LEADER | |
|---|---|
| fixed length control field | 00300cam a2200121ua 4500 |
| 082 ## - DEWEY DECIMAL CLASSIFICATION NUMBER | |
| Classification number | 822 |
| Item number | CUN/EA |
| 100 ## - MAIN ENTRY--AUTHOR NAME | |
| Personal name | Cunliffe, John W . |
| 245 ## - TITLE STATEMENT | |
| Title | Early English Classical Tragedies / |
| 250 ## - EDITION STATEMENT | |
| Edition statement | 1 / |
| 260 ## - PUBLICATION, DISTRIBUTION, ETC. (IMPRINT) | |
| Place of publication | London : |
| Name of publisher | Oxford University Press , |
| Year of publication | 1912. |
| 300 ## - PHYSICAL DESCRIPTION | |
| Number of Pages | 352 ; . |
| 942 ## - ADDED ENTRY ELEMENTS (KOHA) | |
| Koha item type | Books |
| Withdrawn status | Lost status | Damaged status | Home library | Current library | Date acquired | Full call number | Accession Number | Koha item type |
|---|---|---|---|---|---|---|---|---|
| Withdrawn | KAUAET | Malayalam University | 07/04/2012 | 822 | 5090 | Books |
